000 01551nam a2200277 a 4500
001 1406056
003 AM-YEHGA
005 20250617165024.0
008 180926s1933 ru a|||gr|||||||||0|rus||
040 _aAM-YeHGA
041 1 _arus
_hita
100 1 _aВазари, Джорджо,
_d1511-1574
245 1 0 _aЖизнеописания наиболее знаменитых живописцев, ваятелей и зодчих :
_nТ. 1-2 /
_cПереведенные с итальянского и комментированные А. Дживелеговым и А. Эфросом ; Предисл. А.В. Луначарского ; Ред. А. Дживелегова и А. Эфроса.
260 _aМосква ;
_aЛенинград :
_bAcademia,
_c[1933].
300 _aтом ;
_c18 см.
490 0 _aПамятники искусства и художественного быта.
500 _aВ пер.
505 0 0 _gТ. 1 (1933; 445 с. : 12 л. ил.) ;
_gТ. 2 (1933; 468 с. : 17 л. ил.)
650 1 4 _aИтальянская архитектура
_xИстория
650 1 4 _aИтальянское изобразительное искусство
_xИстория
700 1 _aЛуначарский, Анатолий Васильевич
_eавт. предисл.
_4aui
700 1 _aДживелегов, Алексей Карпович
_eред.
_4edt
_eкоммент.
_4cmm
700 1 _aЭфрос, Абрам Маркович
_eред.
_4edt
_eкоммент.
_4cmm
942 _2udc
_cBK
090 _c572370
999 _c533351
_d533351